000 00478nam a2200181Ia 4500
005 20250326123952.0
008 250326s9999 xx 000 0 und d
037 _aTextbook
040 _aFMSL
_beng
_cFMSL
041 _aeng
_2eng
084 _aV48 L0
_qFMSL
100 _aWeidner E W
245 0 _aDevelopment administration in Asia
_cWeidner E W
260 _aUSA
_bUSA, Kingsport
_c1970
300 _a431p
942 _cTB
_hV48 L0
999 _c1271696
_d1271696